La Raza latina (Record no. 1726)

MARC details
000 -LEADER
campo de control de longitud fija 00871nas a2200277 4500
001 - NÚMERO DE CONTROL
campo de control 1726
003 - IDENTIFICADOR DE NÚMERO DE CONTROL
campo de control ES-MaACL
005 - FECHA Y HORA DE LA ÚLTIMA TRANSACCIÓN
campo de control 20250724062548.0
007 - CAMPO FIJO DE DESCRIPCIÓN FÍSICA--INFORMACIÓN GENERAL
campo de control de longitud fija t|
008 - DATOS DE LONGITUD FIJA--INFORMACIÓN GENERAL
campo de control de longitud fija 950801d18741887sp e|y e | ||pa d
080 ## - NÚMERO DE LA CLASIFICACIÓN DECIMAL UNIVERSAL
Número de la Clasificación Decimal Universal (460)
080 ## - NÚMERO DE LA CLASIFICACIÓN DECIMAL UNIVERSAL
Número de la Clasificación Decimal Universal 008
080 ## - NÚMERO DE LA CLASIFICACIÓN DECIMAL UNIVERSAL
Número de la Clasificación Decimal Universal (054)
245 03 - MENCIÓN DEL TÍTULO
Título La Raza latina
Resto del título : periódico internacional : se publica en Madrid dos veces al mes en francés, italiano, portugués y español.
246 3# - FORMA VARIANTE DEL TITULO
Título propio/Titulo breve La Raza latina (Madrid. 1874)
260 ## - PUBLICACIÓN, DISTRIBUCIÓN, ETC.
Lugar de publicación, distribución, etc. Madrid :
Nombre del editor, distribuidor, etc. [s.n.],
Fecha de publicación, distribución, etc. [1874]- (
Fabricante Imp. de Juan Aguado)
300 ## - DESCRIPCIÓN FÍSICA
Extensión v. ;
Dimensiones 38 cm.
310 ## - PERIODICIDAD ACTUAL
Periodicidad actual Bimensual
362 1# - FECHAS DE PUBLICACIÓN Y/O DESIGNACIÓN SECUENCIAL
Fecha de publicación y/o designación secuencial Año 1, n. 1 (15 en. 1874)-[1887]
594 ## - Nota al título y mención de responsabilidad
Nota al título y mención de responsabilidad Director, Juan Valero de Tornos.
650 #7 - PUNTO DE ACCESO ADICIONAL DE MATERIA--TÉRMINO DE MATERIA
Término de materia o nombre geográfico como elemento de entrada Cultura
Fuente del encabezamiento o término embne
9 (RLIN) 170963
700 1# - ENTRADA AGREGADA--NOMBRE PERSONAL
Nombre de persona Valero de Tornos, Juan.
9 (RLIN) 112667
852 ## - LOCALIZACIÓN
Ubicación ES-MaACL
Número de control de estantería R-2547-49
Encuadernación Olim: G-1922-4
866 #0 - MENCIÓN TEXTUAL DE FONDOS--UNIDAD BIBLIOGRÁFICA BÁSICA
Fondos 1875-1877.
Holdings
Estatus retirado Estado de pérdida Estado de daño No para préstamo Colección Biblioteca de origen Biblioteca actual Ubicación en estantería Fecha de adquisición Fuente de adquisición Total de préstamos Signatura topográfica completa Código de barras Visto por última vez Precio de reemplazo Tipo de ítem Koha
        Periódicos y Revistas Biblioteca del Ateneo de Madrid Biblioteca del Ateneo de Madrid Depósito 17/01/2008     R-2547-49 1001762 23/02/2023 23/02/2023 Revista